Представление документа в формате RUSMARC

ПолеНазваниеЗначение
  Тип записи a
  Библиографический уровень a
001 Контрольный номер RU/CBS_UL/BASE/5ed31a525a8f43829d35f62ca494fcfd
005 Дата корректировки 20230119130727.7
100 Данные общей обработки __
a Данные общей обработки 20230119 ||| 0rusy0189 ca
101 Язык документа 0_
a Язык текста rus
102 Страна публикации __
a Страна публикации RU
200 Заглавие и сведения об ответственности 1_
a Заглавие Удалять ли липому?
e Сведения, относящиеся к заглавию [хирургическое лечение липомы]
300 Общие примечания __
a Общие примечания 16+
461 Уровень набора _0
1 2000
a 60 лет - не возраст
463 Уровень физической единицы _0
1 2000
a № 11
v С. 36-40 : фото
1 2101
d 2022
1 001RU/CBS_UL/BASE/58d3945c68c44c1c8ebffd4fe5f54f0f
606 Тематические рубрики 0_
a Основная рубрика Липомы
610 Ключевые слова 0_
a Ключевые слова липомы
610 Ключевые слова 0_
a Ключевые слова жировики
610 Ключевые слова 0_
a Ключевые слова удаление липом
610 Ключевые слова 0_
a Ключевые слова хирургическое лечение липом
700 Автор _1
a Фамилия Лявданская
b Имя (инициалы) Л.
801 Источник записи _0
a Страна RU
b Организация МБУК ЦБС г. Ульяновска
c Дата составления 20230119
g Правила каталогизации RCR
801 Источник записи _1
a Страна RU
b Организация МБУК ЦБС г. Ульяновска
c Дата составления 20230119
g Правила каталогизации RCR
901 Тип документа __
t Тип документа b
w Контрольный № источника RU/CBS_UL/BASE/58d3945c68c44c1c8ebffd4fe5f54f0f